01778nam a2200265 a 450000100100000000500170001000800410002704000250006808200210009310000470011424502000016126000360036130000310039750000380042850000700046650400330053650504020056965100890097170000480106004900090110895201340111795201190125195201250137099900170149500002226820240422101417.0100921s2003 dr c 000 0 spa d aDO-SdBNPbspacBNPHU a972.93052bV335i1 aVásquez Romero, José L.,d1959-94601913aLa intervención de 1916 vencidos y vencedores :bun análisis sobre el gobierno militar estadounidense en Santo Domingo /cJosé L. Vásquez Romero ; prólogo Franklín J. Franco Pichardo. aSanto Domingo :bTrebol,c2003. a265 p. :bretrs. ;c22 cm. aIncluye notas al pie de páginas aIncluye datos biográficos del autor en la solapa de la cubierta aBibliografías : p. 257-2652 aAntecedentes de la Ocupación de 1916 - Las privaciones a las libertades públicas y sus implicaciones durante el gobierno de ocupación - Implicaciones económicas y sociales de la ocupación - Resistencia armada contra el gobierno militar (1917-1922) - La Unión Nacionalista: diversos mecanismos de lucha contra el régimen de ocupación militar - Conclusiones - Bibliografía general. 0aRepública Dominicana --xHistoria --yOcupación norteamericana, 1916-1924 919261 aFranco, Franklin J.,d1936-epról.934417 aBNPD 001054708DSaGRbGRcCTd2010-09-21iLF1l0o972.93052 V335ip22268-30r2020-06-25te. 3w2020-06-25yLFDSZPréstamo en sala 0010718PDaPDbPDcCTd2010-09-21iLF1l0o972.93052 V335ip22268-10r2020-06-25w2020-06-25yLFPDZNo se presta 0010718PDaPDbPDcCTd2010-09-21iLF1l0o972.93052 V335ip22268-20r2020-06-25te. 2w2020-06-25yLFPDZNo se presta c21766d21766